| 000 | 00494cam a2200181 i 4500 | ||
|---|---|---|---|
| 020 | _a9780801027260 (pbk.) | ||
| 020 | _a0801027268 (pbk.) | ||
| 041 | _aENG | ||
| 082 | 0 | 0 |
_a801 _bLUN |
| 100 | 1 | _aLundin, Roger. | |
| 245 | 1 | 0 | _aBeginning with the word : Modern Literature and the question of Belief |
| 260 |
_aU.S.A _bBaker Academic _c2014 |
||
| 300 | _ax, 261 pages ; | ||
| 490 | 0 | _aCultural exegesis | |
| 650 | 0 | _aLiterature and Morals | |
| 650 | 0 | _aLiterature and morals. | |
| 942 | _cBK | ||
| 999 |
_c22535 _d22535 |
||